| 000 | 00762nam a22001577a 4500 | ||
|---|---|---|---|
| 003 | OSt | ||
| 005 | 20150918140254.0 | ||
| 008 | 150918b xxu||||| |||| 00| 0 eng d | ||
| 040 | _cRUA | ||
| 082 | _aAGR UN 2005 B032 Or.1 | ||
| 100 |
_9761 _aUN CHANNARO |
||
| 245 | _aCompare the use of dry compost fertilizer with water compost fertilizer on chinese kale crop in royal university of agriculture,(ការប្រើប្រាស់ជីកំប៉ុស្តទឹក និងជីកំប៉ុស្តគោកទៅលើដំណាំខាត់ណាឈើ ក្នុងសាកលវិទ្យាល័យភូមិន្ទកសិកម្ម) | ||
| 260 |
_aPhonm penh _bRUA _c2005 |
||
| 300 |
_ax,40p. _cill. _g29cm. |
||
| 942 |
_2ddc _cAGR |
||
| 999 |
_c730 _d730 |
||